Các bài tập lập trình bằng ngôn ngữ Assembly

Uloženo v:
Podrobná bibliografie
Hlavní autor: ĐẶNG THÀNH PHU
Médium: Kniha
Jazyk:Undetermined
Vydáno: Hà Nội KHKT 2001
Témata:
Tagy: Přidat tag
Žádné tagy, Buďte první, kdo otaguje tento záznam!
Thư viện lưu trữ: Trung tâm Học liệu Trường Đại học Cần Thơ
LEADER 00518nam a2200169Ia 4500
001 CTU_47595
008 210402s9999 xx 000 0 und d
082 |a 005.456 
082 |b Ph500 
100 |a ĐẶNG THÀNH PHU 
245 0 |a Các bài tập lập trình bằng ngôn ngữ Assembly 
245 0 |c ĐẶNG THÀNH PHU 
260 |a Hà Nội 
260 |b KHKT 
260 |c 2001 
650 |a assembler ( computer program language ) 
980 |a Trung tâm Học liệu Trường Đại học Cần Thơ